<The> makroeconomic implications of financial deregulation.
Možné makroekonomické dôsledky deregulácie financií v inštituciálnom prostredí, kde deregulácia zvyšuje bankové riziká. Prechod na dereguláciu financií ukazuje na možnosť vzniku viacerých problémov, ktoré budú pravdepodobne vyžadovať postupný prístup k stacionárnej rovnováhe.
Enregistré dans:
| Auteur principal: | |
|---|---|
| Autres auteurs: | |
| Format: | Chapitre de livre |
| Langue: | anglais |
| Sujets: | |
| Tags: |
Pas de tags, Soyez le premier à ajouter un tag!
|
MARC
| LEADER | 00000naa a2200000 4500 | ||
|---|---|---|---|
| 001 | r003388 | ||
| 005 | 20221130103130.2 | ||
| 041 | 0 | |a eng | |
| 044 | |a NL | ||
| 245 | 1 | 0 | |a <The> makroeconomic implications of financial deregulation. |c J. Melitz, Ch. Borders |
| 520 | |a Možné makroekonomické dôsledky deregulácie financií v inštituciálnom prostredí, kde deregulácia zvyšuje bankové riziká. Prechod na dereguláciu financií ukazuje na možnosť vzniku viacerých problémov, ktoré budú pravdepodobne vyžadovať postupný prístup k stacionárnej rovnováhe. | ||
| 610 | 2 | 0 | |a makroekonomika |
| 610 | 2 | 0 | |a regulácia |
| 610 | 2 | 0 | |a financie |
| 610 | 2 | 0 | |a riziko |
| 610 | 2 | 0 | |a banky |
| 610 | 2 | 0 | |a rovnováha hospodárska |
| 100 | 1 | |a Melitz, J. | |
| 700 | 1 | |a Borders, Ch. | |